Normal view
MARC view
Entry Topical Term
001 - CONTROL NUMBER
- control field: 52968
003 - CONTROL NUMBER IDENTIFIER
- control field: dpl
005 - DATE AND TIME OF LATEST TRANSACTION
- control field: 20121009120312.0
008 - FIXED-LENGTH DATA ELEMENTS
- fixed length control field: 121009|||a|||||| | ||| d
040 ## - CATALOGING SOURCE
- Original cataloging agency: dpl
- Transcribing agency: dpl
150 ## - HEADING--TOPICAL TERM
- Topical term or geographic name as entry element: Internal combustion engines
670 ## - SOURCE DATA FOUND
- Source citation: Work cat.: (dpl): Ganesan, V. 1229, Internal combustion engines /, 2012
670 ## - SOURCE DATA FOUND
- Source citation: Work cat.: (dpl): Ganesan, V. 1229, Internal combustion engines /, 2012
